000 00521nam a2200181 i 4500
001 65477
003 ES-MaACL
005 20250903022110.0
007 t|
008 040114s1962 xxu ||||1| eng d
100 1 _aFreund, John E.
_952555
245 1 0 _aMathematical statistics /
_cJohn E. Freund.
260 _a[New Jersey :
_bAlbert A. Bennett],
_c1962.
300 _aXIII, 390 p. ;
_c25 cm.
650 7 _aEstadística matemática
_2embne
_9143469
852 _aES-MaACL
_jC-22849
_bR.51589
999 _c65477
_d65477